Decreto sobre la actividad misionera de la Iglesia

Uloženo v:
Podrobná bibliografie
Médium: Kniha
Jazyk:španělština
latina
Vydáno: Barcelona Estela 1966
Edice:Colección Documentos del Concilio Vaticano II
Témata:
Tagy: Přidat tag
Žádné tagy, Buďte první, kdo vytvoří štítek k tomuto záznamu!

MARC

LEADER 00000nam a2200000 a 4500
001 UCL3745
003 CL-VaPUC
008 031212e19660000SP |||||||||||||||||spa|d
041 0 7 |a spa  |2 CL-VaPUC 
041 0 7 |a lat  |2 CL-VaPUC 
082 0 4 |a 262.91  |b DEC  |2 21 
245 1 0 |a Decreto sobre la actividad misionera de la Iglesia 
300 |a 143 p 
942 |c BK 
945 |d 20031212 00:00:00  |a vberengu 
260 |a Barcelona  |b Estela  |c 1966 
650 0 |a Documentos pontificios   |9 255642 
650 7 |a MISIONES  |2 CL-VaPUC  |9 269280 
583 |a last modification  |c 20031212 00:00:00  |k Rodrigo Vera 
490 0 |a Colección Documentos del Concilio Vaticano II 
999 |c 306753  |d 306751 
952 |0 0  |1 0  |4 0  |6 262_910000000000000_DEC_1966  |7 0  |8 A  |9 372018  |a BIBTEO  |b BIBTEO  |d 2019-11-21  |i 2096986  |o 262.91 DEC 1966  |p 2096986  |r 2025-01-17  |w 2019-11-21  |y BK  |k ICR